|
|
|
|
| LEADER |
01712nam a22003732a 4500 |
| 001 |
000131412 |
| 003 |
CZ BrMZK |
| 005 |
20110912104751.0 |
| 007 |
ta |
| 008 |
970103s1987 xr f cze d |
| 015 |
|
|
|a cnb000033396
|
| 035 |
|
|
|a (OCoLC)39420486
|
| 040 |
|
|
|a BOA001
|b cze
|
| 080 |
9 |
|
|a 519.2(075.8)
|
| 080 |
9 |
|
|a 519.6(075.8)
|
| 100 |
1 |
|
|a Diblík, Josef,
|d 1953-
|7 mzk2005279474
|4 aut
|
| 245 |
1 |
0 |
|a Numerická matematika a matematická statistika /
|c Josef Diblík, Anežka Haluzíková, Jaromír Baštinec
|
| 250 |
|
|
|a 1. vyd.
|
| 260 |
|
|
|a Praha :
|b Státní nakladatelství technické literatury,
|c 1987
|
| 300 |
|
|
|a 148 s.
|
| 550 |
|
|
|a Vydavatel: Vysoké učení technické v Brně, Elektrotechnická fakulta
|
| 700 |
1 |
|
|a Baštinec, Jaromír,
|d 1952-
|7 jx20100826001
|4 aut
|
| 700 |
1 |
|
|a Haluzíková, Anežka
|7 stk2007394172
|4 aut
|
| 710 |
2 |
|
|a Vysoké učení technické v Brně.
|b Fakulta elektrotechniky
|7 kn20010709418
|
| 910 |
|
|
|a BOA001
|b TK-A-0234.049
|b 4-0916.603
|
| 920 |
|
|
|a 000257245
|
| 964 |
|
|
|a Numerická matematika - učebnice - vysoké školy
|
| 964 |
|
|
|a Matematická statistika - učebnice - vysoké školy
|
| 990 |
|
|
|a BK
|
| 996 |
7 |
|
|b 2619889954
|c 4-0916.603
|l MZK
|r Sklad / do 1 hodiny
|n 27
|w 000131412
|u 000070
|a 1
|e BOA001
|j MZK50
|s A
|
| 996 |
7 |
|
|b 2629982695
|c TK-A-0234.049
|l MZK
|r Sklad / do 24 hodin
|n 16
|w 000131412
|u 000040
|a 1
|e BOA001
|j MZK50
|s A
|
| 996 |
7 |
|
|b 2629991383
|c TK-A-0234.049
|l MZK
|r Sklad / do 24 hodin
|n 25
|w 000131412
|u 000010
|a 1
|e BOA001
|j MZK50
|s A
|
| 996 |
7 |
|
|b 2629991634
|c TK-A-0234.049
|l MZK
|r Sklad / do 24 hodin
|n 14
|w 000131412
|u 000020
|a 1
|e BOA001
|j MZK50
|s A
|
| 996 |
7 |
|
|b 2629992741
|c TK-A-0234.049
|l MZK
|r Sklad / do 24 hodin
|n 18
|w 000131412
|u 000030
|a 1
|e BOA001
|j MZK50
|s A
|